Estadísticas para Les Indéfinis

Haz click aquí para intentar la prueba.

Estadísticas generales

  • Esta prueba ha sido intentada 6 veces
  • La puntuación promedio es 12 de 27

Estadísticas de respuestas

HintRespuesta% Correcto
AdjectifChaque
100%
AdjectifTous
100%
AdjectifTout
100%
AdjectifToute
100%
AdjectifToutes
100%
Adjectif ou pronomAucun
50%
Adjectif ou pronomAucune
50%
Adjectif ou pronomCertaines
50%
Adjectif ou pronomCertains
50%
Adjectif ou pronomD'autres
50%
Lieux non identifiésPartout
50%
Personnes non identifiésPersonne
50%
Adjectif ou pronomPlusieurs
50%
Personnes non identifiésQuelqu'un
50%
Choses non identifiésRien
50%
PronomTous
50%
Choses non identifiésTout
50%
PronomToutes
50%
Personnes non identifiésTout le monde
50%
PronomChacun
0%
PronomChacune
0%
Lieux non identifiésNulle Part
0%
Choses non identifiésQuelque chose
0%
Lieux non identifiésQuelque part
0%
AdjectifQuelques
0%
PronomQuelques-unes
0%
PronomQuelques-uns
0%

Distribución de puntuación

Porcentaje por número respondido

Porcentaje de gente con cada puntuación

Historial de tus puntuaciones

No has intentado esta prueba.